000 01089nam a2200217Ia 4500
999 _c34952
_d34952
001 781
003 GE_BSU
005 20220922105646.0
008 181216s2005||||ge |||||||||||||| ||geo||
020 _a9994012932
040 _cGE_BSU
041 _ageo
080 _a338.2(075.8) პ-18
100 _aპაპავა, ვლადიმერ
_914687
245 _aპოსტკომუნისტური გარდამავალი პერიოდის მაკროეკონომიკა :
_b(თეორია და პოლიტიკა) : დამხმ. სახელმძღვ. ეკონ. პროფ. სტუდ. /
_c ვლადიმერ პაპავა ; [რედ.: ელგუჯა მექვაბიშვილი] ; თსუ.
264 _aთბილისი :
_b თბილ. უნ-ტის გამ-ბა,
_c2005.
300 _a326 გვ.:
_bნახ. ;
_c20 სმ.
504 _aბიბლიოგრ.: გვ. 322-325.
653 _aმაკროეკონომიკა;
942 _cBK
_2udc